Countries by Population - Statistics

General Stats
  • This quiz has been taken 15 times
    6 since last reset
  • The average score is 24 of 197
Answer Stats
Population Country % Correct
216,422,446 B Brazil
100%
1,425,671,352 C China
100%
1,428,627,663 I India
100%
339,996,563 U US
100%
277,534,122 I Indonesia
75%
240,485,658 P Pakistan
75%
144,444,359 R Russia
75%
126,527,060 E Ethiopia
50%
123,294,513 J Japan
50%
223,804,632 N Nigeria
50%
42,239,854 A Afghanistan
25%
80,088 A Andorra
25%
36,684,202 A Angola
25%
94,298 A Antigua and Barbuda
25%
26,439,111 A Australia
25%
172,954,319 B Bangladesh
25%
410,825 B Belize
25%
23,251,485 B Burkina Faso
25%
28,647,293 C Cameroon
25%
52,085,168 C Colombia
25%
73,040 D Dominica
25%
102,262,808 D DR Congo
25%
112,716,598 E Egypt
25%
64,756,584 F France
25%
83,294,633 G Germany
25%
34,121,985 G Ghana
25%
126,183 G Grenada
25%
375,318 I Iceland
25%
89,172,767 I Iran
25%
45,504,560 I Iraq
25%
58,870,762 I Italy
25%
19,606,633 K Kazakhstan
25%
55,100,586 K Kenya
25%
39,584 L Liechtenstein
25%
654,768 L Luxembourg
25%
34,308,525 M Malaysia
25%
23,293,698 M Mali
25%
535,064 M Malta
25%
41,996 M Marshall Islands
25%
128,455,567 M Mexico
25%
36,297 M Monaco
25%
37,840,044 M Morocco
25%
54,577,997 M Myanmar
25%
12,780 N Nauru
25%
27,202,843 N Niger
25%
26,160,821 N North Korea
25%
18,058 P Palau
25%
34,352,719 P Peru
25%
117,337,368 P Philippines
25%
41,026,067 P Poland
25%
19,892,812 R Romania
25%
47,755 S Saint Kitts & Nevis
25%
225,681 S Samoa
25%
33,642 S San Marino
25%
36,947,025 S Saudi Arabia
25%
60,414,495 S South Africa
25%
51,784,059 S South Korea
25%
47,519,628 S Spain
25%
48,109,006 S Sudan
25%
67,438,106 T Tanzania
25%
71,801,279 T Thailand
25%
107,773 T Tonga
25%
85,816,199 T Türkiye
25%
11,396 T Tuvalu
25%
48,528,334 U Uganda
25%
67,736,801 U UK
25%
36,744,634 U Ukraine
25%
334,506 V Vanuatu
25%
518 V Vatican City
25%
28,838,499 V Venezuela
25%
98,858,950 V Vietnam
25%
34,449,825 Y Yemen
25%
20,569,737 Z Zambia
25%
2,832,439 A Albania
0%
45,606,480 S Algeria
0%
45,773,884 A Argentina
0%
2,777,970 A Armenia
0%
8,958,960 A Austria
0%
10,412,651 A Azerbaijan
0%
412,623 B Bahamas
0%
1,485,509 B Bahrain
0%
281,995 B Barbados
0%
9,498,238 B Belarus
0%
11,686,140 B Belgium
0%
13,712,828 B Benin
0%
787,424 B Bhutan
0%
12,388,571 B Bolivia
0%
3,210,847 B Bosnia and Herzegovina
0%
2,675,352 B Botswana
0%
452,524 B Brunei
0%
6,687,717 B Bulgaria
0%
13,238,559 B Burundi
0%
16,944,826 C Cambodia
0%
38,781,291 C Canada
0%
598,682 C Cape Verde
0%
5,742,315 C CAR
0%
18,278,568 C Chad
0%
19,629,590 C Chile
0%
852,075 C Comoros
0%
6,106,869 C Congo
0%
5,212,173 C Costa Rica
0%
28,873,034 C Cote d'Ivoire
0%
4,008,617 C Croatia
0%
11,194,449 C Cuba
0%
1,260,138 C Cyprus
0%
10,495,295 C Czechia
0%
5,910,913 D Denmark
0%
1,136,455 D Djibouti
0%
11,332,972 D Dominican Republic
0%
18,190,484 E Ecuador
0%
6,364,943 E El Salvador
0%
1,714,671 E Equatorial Guinea
0%
3,748,901 E Eritrea
0%
1,322,765 E Estonia
0%
1,210,822 E Eswatini
0%
544,321 F Federated States of Mircronesia
0%
936,375 F Fiji
0%
5,545,475 F Finland
0%
312,155 F French Guiana
0%
2,436,566 G Gabon
0%
2,773,168 G Gambia
0%
3,728,282 G Georgia
0%
10,341,277 G Greece
0%
18,092,026 G Guatemala
0%
14,190,612 G Guinea
0%
2,150,842 G Guinea Bissau
0%
813,834 G Guyana
0%
11,724,763 H Haiti
0%
10,593,798 H Honduras
0%
10,156,239 H Hungary
0%
5,056,935 I Ireland
0%
9,174,520 I Israel
0%
2,825,544 J Jamaica
0%
11,337,052 J Jordan
0%
133,515 K Kiribati
0%
4,310,108 K Kuwait
0%
6,735,347 K Kyrgyzstan
0%
7,633,779 L Laos
0%
1,830,211 L Latvia
0%
5,353,930 L Lebanon
0%
2,330,318 L Lesotho
0%
5,418,377 L Liberia
0%
6,888,388 L Libya
0%
2,718,352 L Lithuania
0%
30,325,732 M Madagascar
0%
20,931,751 M Malawi
0%
521,021 M Maldives
0%
4,862,989 M Mauritania
0%
1,300,557 M Mauritius
0%
3,435,931 M Moldova
0%
3,447,157 M Mongolia
0%
626,485 M Montenegro
0%
33,897,354 M Mozambique
0%
2,604,172 N Namibia
0%
30,896,590 N Nepal
0%
17,618,299 N Netherlands
0%
5,228,100 N New Zealand
0%
7,046,310 N Nicaragua
0%
2,085,679 N North Macedonia
0%
5,474,360 N Norway
0%
4,644,384 O Oman
0%
5,371,230 P Palestine
0%
4,468,087 P Panama
0%
10,329,931 P Papua New Guinea
0%
6,861,524 P Paraguay
0%
10,247,605 P Portugal
0%
2,716,391 Q Qatar
0%
14,094,683 R Rwanda
0%
180,251 S Saint Lucia
0%
103,698 S Saint Vincent & Grenadines
0%
231,856 S Sao Tome & Principe
0%
17,763,163 S Senegal
0%
7,149,077 S Serbia
0%
107,660 S Seychelles
0%
8,791,092 S Sierra Leone
0%
6,014,723 S Singapore
0%
5,795,199 S Slovakia
0%
2,119,675 S Slovenia
0%
740,424 S Solomon Islands
0%
18,143,378 S Somalia
0%
11,088,796 S South Sudan
0%
21,893,579 S Sri Lanka
0%
623,236 S Suriname
0%
10,612,086 S Sweden
0%
8,796,669 S Switzerland
0%
23,227,014 S Syria
0%
23,923,276 T Taiwan
0%
10,143,543 T Tajikistan
0%
1,360,596 T Timor Leste
0%
9,053,799 T Togo
0%
1,534,937 T Trinidad and Tobago
0%
12,458,223 T Tunisia
0%
6,516,100 T Turkmenistan
0%
9,516,871 U UAE
0%
3,423,108 U Uruguay
0%
35,163,944 U Uzbekistan
0%
16,665,409 Z Zimbabwe
0%
No matching quizzes found
Score Distribution
Percent of People with Each Score
Percentile by Number Answered
Your Score History
You have not taken this quiz since the last reset